00657nam a2200169 i 450000100060000000300090000600500170001500700030003200800410003524501260007626000300020230000270023271000570025985200320031699900170034895201220036583187ES-MaACL20230906174806.0t|041115s1970 sp ||||1| spa d00aEstadística de inversiones y gastos de las corporaciones localesb: año 1966 / cInstituto Nacional de Estadística. aMadrid : b[s.n., c1970] aXXII, 90 p. ; c27 cm.2 aInstituto Nacional de Estadística (España)95162 aES-MaACLjC-41375 bR.77063 c83187d83187 00104070aATENEOMbATENEOMcDEPO2d2008-01-17eSCl0oC-41375p1086945r2023-02-23 00:00:00w2023-02-23yMONOGRAFIA